<?xml version="1.0" encoding="UTF-8"?>
<record
    xmlns:xsi="http://www.w3.org/2001/XMLSchema-instance"
    xsi:schemaLocation="http://www.loc.gov/MARC21/slim http://www.loc.gov/standards/marcxml/schema/MARC21slim.xsd"
    xmlns="http://www.loc.gov/MARC21/slim">

  <leader>00957nam a22002417a 4500</leader>
  <controlfield tag="005">20231207151326.0</controlfield>
  <controlfield tag="008">231206b           ||||| |||| 00| 0 eng d</controlfield>
  <datafield tag="040" ind1=" " ind2=" ">
    <subfield code="c">AL</subfield>
  </datafield>
  <datafield tag="041" ind1=" " ind2=" ">
    <subfield code="a">kan</subfield>
  </datafield>
  <datafield tag="082" ind1=" " ind2=" ">
    <subfield code="2">23</subfield>
    <subfield code="b">ABHA</subfield>
    <subfield code="a">K894.109</subfield>
  </datafield>
  <datafield tag="100" ind1=" " ind2=" ">
    <subfield code="a">Abhayakumar K: &#xC85;&#xCAD;&#xCAF;&#xC95;&#xCC1;&#xCAE;&#xCBE;&#xCB0;&#xCCD; &#xC95;&#xCC6; Ed</subfield>
    <subfield code="9">144592</subfield>
  </datafield>
  <datafield tag="100" ind1=" " ind2=" ">
    <subfield code="9">144591</subfield>
  </datafield>
  <datafield tag="245" ind1=" " ind2=" ">
    <subfield code="a">Ayana</subfield>
    <subfield code="b">&#xC86;&#xCAF;&#xCA8; </subfield>
  </datafield>
  <datafield tag="260" ind1=" " ind2=" ">
    <subfield code="a">Mangalore</subfield>
    <subfield code="b">Mangalroe University</subfield>
    <subfield code="c">2011</subfield>
  </datafield>
  <datafield tag="300" ind1=" " ind2=" ">
    <subfield code="a">viii,152p</subfield>
    <subfield code="b">PB</subfield>
    <subfield code="c">21x13cm.</subfield>
  </datafield>
  <datafield tag="365" ind1=" " ind2=" ">
    <subfield code="2">Kannada</subfield>
    <subfield code="b">45.00</subfield>
    <subfield code="c">&#x20B9;</subfield>
    <subfield code="d">45.00</subfield>
  </datafield>
  <datafield tag="440" ind1=" " ind2=" ">
    <subfield code="a">Mangala Patyapustaka Malike: &#xCAE;&#xC82;&#xC97;&#xCB3; &#xCAA;&#xCA0;&#xCCD;&#xCAF;&#xCAA;&#xCC1;&#xCB8;&#xCCD;&#xCA4;&#xC95; &#xCAE;&#xCBE;&#xCB2;&#xCBF;&#xC95;&#xCC6;: 38</subfield>
    <subfield code="9">144503</subfield>
  </datafield>
  <datafield tag="650" ind1=" " ind2=" ">
    <subfield code="a">Kannada Poetry Criticism: &#xC95;&#xCA8;&#xCCD;&#xCA8;&#xCA1; &#xC95;&#xCBE;&#xCB5;&#xCCD;&#xCAF; &#xCB5;&#xCBF;&#xCAE;&#xCB0;&#xCCD;&#xCB6;&#xCC6; </subfield>
    <subfield code="9">144504</subfield>
  </datafield>
  <datafield tag="650" ind1=" " ind2=" ">
    <subfield code="a">Kannada Literature: &#xC95;&#xCA8;&#xCCD;&#xCA8;&#xCA1; &#xCB8;&#xCBE;&#xCB9;&#xCBF;&#xCA4;&#xCCD;&#xCAF; </subfield>
    <subfield code="9">144505</subfield>
  </datafield>
  <datafield tag="650" ind1=" " ind2=" ">
    <subfield code="a">Ist BA: &#xCAA;&#xCCD;&#xCB0;&#xCA5;&#xCAE; &#xCAC;&#xCBF; &#xC8E; </subfield>
    <subfield code="9">144590</subfield>
  </datafield>
  <datafield tag="700" ind1=" " ind2=" ">
    <subfield code="a">ABHAYAKUMAR (K): &#xC85;&#xCAD;&#xCAF;&#xC95;&#xCC1;&#xCAE;&#xCBE;&#xCB0;&#xCCD; (&#xC95;&#xCC6;) Ed</subfield>
    <subfield code="9">144506</subfield>
  </datafield>
  <datafield tag="942" ind1=" " ind2=" ">
    <subfield code="2">ddc</subfield>
    <subfield code="c">DB</subfield>
  </datafield>
  <datafield tag="999" ind1=" " ind2=" ">
    <subfield code="c">229406</subfield>
    <subfield code="d">229406</subfield>
  </datafield>
</record>
